000 00955nam a2200301Ia 4500
001 dia_1512
003 CHAP
005 20251023162205.0
008 220117s2009 xx 000 0 und d
010 _a177712
020 _a978-0-470-24669-6
040 _cCHAP
082 _a688.8 J43 2009
100 _aJedlicka, Wendy
_9161944
245 _aPackaging sustainability : tools, systems, and strategies for innovative package design /
_c Wendy Jedlicka ; colaboración Elise L. Amel ... [et al.]
260 _aEstados Unidos de América :
_b John Wiley & Sons,
_c2009
300 _axviii, 346 p.
503 _aC/e
504 _aBibliografía: p.320-321
590 _aTS158 J43 2009
650 _aEnvasado
_9156185
650 _aPackaging
_9159779
700 _aAmel, Elise L., colab.
_9161945
901 _a688.8 J43 2009
902 _aA
905 _a5232272009 -usdi 8222223322eng16
942 _cLIBRO
_2ddc
999 _c177712
_d177712